000 00424nam a2200181Ia 4500
005 20250603145502.0
008 250603s9999 xx 000 0 und d
020 _a9781032670928
050 _aJF 1525 .P6 .C45/
100 _aChohan, Usman W
245 0 _aPandemic and public value management
260 _aNew York
260 _bRoutledge
260 _c2023
300 _a389 p
650 _aNew York
942 _cBK
999 _c41996
_d41996